Úvaha nad novelami zákona o Štátnej službe č. 312/2011 Z.z.

Zhodnotenie významu prijatia noviel zákona o štátnej službe ako aj implementácie na Slovensku.

Gespeichert in:
Bibliographische Detailangaben
1. Verfasser: Gecelovský, Vladimír
Format: Buchkapitel
Sprache:Slowakisch
Schlagworte:
Tags: Tag hinzufügen
Keine Tags, Fügen Sie das erste Tag hinzu!

MARC

LEADER 00000naa a2200000 4500
001 0155305
005 20220512114507.5
041 0 |a slo 
044 |a SK 
245 1 0 |a Úvaha nad novelami zákona o Štátnej službe č. 312/2011 Z.z.  |c Vladimír Gecelovský 
520 |a Zhodnotenie významu prijatia noviel zákona o štátnej službe ako aj implementácie na Slovensku. 
610 2 0 |a legislatíva 
610 2 0 |a Slovensko 
610 2 0 |a zamestnanci štátni 
610 2 0 |a správa verejná 
610 2 0 |a služba štátna 
100 1 |a Gecelovský, Vladimír